Quel âge ont ces persos?(Demon slayer) - Statistiques

Statistiques générales
  • Ce quiz a été pris 162 fois
  • Le résultat moyen est 14 sur 16
Statistiques - réponses
Hint Réponse % Correct
15 ans Tanjiro
100%
16 ans Zenitsu
98%
15 ans Inosuke
97%
14 ans Muichiro
91%
14 ans Nezuko
91%
21 ans Obanai
91%
18 ans Shinobu
91%
23 ans Tengen
90%
27 ans Gyomei
89%
21 ans Sanemi
89%
16 ans Kanao
88%
19 ans Mitsuri
88%
21 ans Giyu
82%
16 ans Genya
80%
20 ans Kyojuro
60%
23 ans Kagaya
42%
Aucun quiz correspondant
Distribution des résultats
% des personnes avec chaque résultat
Percentile par nombre de réponses
Votre historique - résultats
Vous n’avez pas pris ce quiz